Game Show by Bonus Round Quiz Stats

Quiz Updated Mar 20, 2012

Also try: Game Show by Scene
Challenge
Share
Tweet
Embed
Score 0/25 Timer 10:00
0 Plays Today
Contestant's Goal Game Show % Correct
Given the letters RSTLNE, and a small selection more of your choosing, solve the puzzle within 10 seconds.Wheel of Fortune
97.2%
Working with one other team member, score 200 or more points by giving the most popular answers to 5 survey questions.Family Feud / Family Fortunes
89.4%
Bid closer to the actual retail price of your prize package than your opponent, without going over.The Price is Right
74.6%
Give up everything that you have won so far to choose between Door #1, Door #2, or Door #3.Let's Make a Deal
60.8%
Correctly answer questions in 5 consecutive squares, without accumulating 3 strikes.Jeopardy! (1978-79 version)
57.7%
Working with a celebrity partner, and using only lists of examples, convey 6 subjects or categories within 60 seconds.(The $x) Pyramid
57.6%
Correctly identify seven songs within 30 seconds.Name That Tune
41%
Solve as many 5-letter words as possible, thus earning chances to draw numbered balls in hopes of completing a row on a final game board.Lingo
35.7%
Working with your partner, complete all 8 obstacles within 60 seconds, being sure to grab and pass the flag at the end of each.Double Dare
31.2%
Correctly give one of the three most popular answers from a poll of a previous audience, then give the exact same answer as one celebrity.Match Game
30.2%
Risk all your current winnings on a single question involving a video clue, with the chance of doubling your money.Cash Cab
30.1%
With your partner, follow a series of three rhyming product-oriented clues through the grocery store, grabbing the correct final product (and money) within 60 seconds.Supermarket Sweep
28.6%
Correctly place 7 (later 8) markers by selected geographical locations on a giant floor map within 45 seconds.Where in the World is Carmen Sandiego?
23.7%
Contestant's Goal Game Show % Correct
Accomplish the show's titular goal: given a set of 10 general knowledge trivia questions, answer more correctly than the host does.Win Ben Stein's Money
23.3%
Given a set amount of money at the outset, bet various amounts on whether 7 successive cards will be higher or lower than the previous, without going bust.Card Sharks
23.1%
Stump the panel of four blindfolded celebrities, preventing them from figuring out your own well-known identity.What's My Line?
19.5%
Working with your partner, find a safe path to the historical object and escape the eponymous location within 3 minutes.Legends of the Hidden Temple
18.6%
On successive spins of the slot machine, earn $1000 without landing on the Devil.The Joker's Wild
13.5%
Choosing letters one at a time, and given crossword-style clues, solve two words within 10 seconds.Scrabble
13.5%
Working with a celebrity partner, convey 10 one-word clues beginning with 10 successive letters of the alphabet within 60 seconds.Password Plus / Super Password
12.5%
Answer as many TV trivia questions as possible from a set of 10, and hope you stop spinning with your head pointing to TV set displaying 'Grand Prize.'Remote Control
7.5%
Working with your partner in front of a bluescreen, beat three levels and defeat Merlock, Mongo, or Scorchia within 60 seconds.Nick Arcade
7.3%
Given the initials of the correct answers, form a path of correct answers across the game board, from gold to gold.Blockbusters
6.9%
Working with your partner and within 90 seconds, tear apart six successive rooms in the house to locate clues indicating which room to go to next.Finders Keepers
4.8%
Clear the numbers 1-9 (either individually or in combinations) through successive rolls of a pair of dice, without rolling a number that cannot be cleared.High Rollers
4.8%

You're not logged in!

Compare scores with friends on all Sporcle quizzes.
Sign Up with Email
OR
Log In

You Might Also Like...

Show Comments

Extras

Top Quizzes Today


Score Distribution

Your Account Isn't Verified!

In order to create a playlist on Sporcle, you need to verify the email address you used during registration. Go to your Sporcle Settings to finish the process.